000 00886nam a22002777a 4500
003 CHAP
005 20220329134739.0
008 971013s1936 r 00010 d
010 _a25211
011 _a26183
035 _a30283
040 _cCHAP
082 _a634.982
_bB76L
100 0 0 _aBrown, Nelson Courtlandt.
_915682
245 _aLogging-transportation ; the principles and methods of log transportation in the United States and Canada
260 _aNew York :
_bWiley,
_c1936
300 _a327 p.
_b: ilus.
590 _aBATCH-UPD
_b10
_c20130110
_lUCH01
_h1744
590 _aBATCH-UPD
_b10
_c20130410
_lUCH01
_h1123
590 _aBATCH-UPD
_b10
_c20130914
_lUCH01
_h0710
590 _aCONVERSION
_b10
_c20130109
_lUCH01
_h1315
650 1 4 _aBosques
_xExtracción.
_914174
901 _aBK
942 _cLIBRO
949 _a634.982 B76L
_bBC
_cLIBRO
_d-70250
_eLIBRO
_h25008
_i30283
_si
999 _c25211
_d25211